[Event "SVK-chT1E 1516"]
[Site "Slovakia"]
[Date "2016.02.20"]
[Round "8.8"]
[White "Pavlik, Milan"]
[Black "Budzak, Marcel"]
[Result "1-0"]
[WhiteElo "2010"]
[BlackElo "1855"]
[PlyCount "109"]
[EventDate "2015.10.24"]
[EventType "team-tourn"]
[EventRounds "11"]
[EventCountry "SVK"]
[SourceTitle "EXT 2017"]
[Source "ChessBase"]
[SourceDate "2016.10.25"]
[SourceVersion "1"]
[SourceVersionDate "2016.10.25"]
[SourceQuality "1"]
[WhiteTeam "Sabinov"]
[BlackTeam "Kezmarok"]
[WhiteTeamCountry "SVK"]
[BlackTeamCountry "SVK"]

1. e4 e5 2. Nf3 Nc6 3. d4 exd4 4. Nxd4 Bc5 5. Nb3 Bb6 6. Nc3 d6 7. Qe2 Nf6 8. Be3 Be6 9. 0-0-0 Ng4 10. Nd5 Nxe3 11. Nxe3 Qg5 12. Re1 Bxb3 13. axb3 Bxe3+ 14. Qxe3 Qa5 15. Qc3 Qxc3 16. bxc3 0-0 17. Bb5 Ne7 18. e5 d5 19. Bd3 Nc6 20. f4 a5 21. Kb2 d4 22. Be4 dxc3+ 23. Kxc3 Nd8 24. g3 c6 25. Rd1 Ne6 26. Bf5 Rfd8 27. Bxe6 fxe6 28. Rxd8+ Rxd8 29. Ra1 Rd5 30. b4 axb4+ 31. Kxb4 Kf7 32. Ra8 g5 33. c4 Rd2 34. Kc5 gxf4 35. gxf4 Rxh2 36. Rc8 Kg6 37. Kd6 Rf2 38. Rf8 h5 39. Kxe6 h4 40. f5+ Kg7 41. Rf7+ Kg8 42. Rxb7 h3 43. Rb8+ Kg7 44. f6+ Kg6 45. Ke7 h2 46. Rb1 Rf5 47. Ke6 Rf2 48. c5 Rd2 49. Rf1 Rf2 50. Rh1 Rd2 51. Ke7 Rf2 52. e6 Rxf6 53. Rxh2 Rf5 54. Rg2+ Kh7 55. Kd7 1-0

[Event "SVK-chT1E 1516"]
[Site "Slovakia"]
[Date "2015.12.13"]
[Round "6.4"]
[White "Pavlik, Milan"]
[Black "Pcola, Jaroslav1111"]
[Result "1/2-1/2"]
[WhiteElo "2010"]
[BlackElo "2040"]
[PlyCount "39"]
[EventDate "2015.10.24"]
[EventType "team-tourn"]
[EventRounds "11"]
[EventCountry "SVK"]
[SourceTitle "CBM 170 Extra"]
[Source "ChessBase"]
[SourceDate "2016.02.25"]
[SourceVersion "1"]
[SourceVersionDate "2016.02.25"]
[SourceQuality "1"]
[WhiteTeam "Sabinov"]
[BlackTeam "Michalovce Zemplin"]
[WhiteTeamCountry "SVK"]
[BlackTeamCountry "SVK"]

1. d4 Nf6 2. Nc3 c5 3. d5 d6 4. e4 g6 5. f4 Bg7 6. Nf3 0-0 7. Bc4 Na6 8. 0-0 Nc7 9. Qe2 a6 10. a4 b6 11. Rd1 Rb8 12. e5 Nfe8 13. e6 f5 14. Ng5 Nf6 15. Nf7 Qe8 16. h3 Bb7 17. g4 fxg4 18. hxg4 Rxf7 19. exf7+ Qxf7 20. Be3 1/2-1/2

[Event "SVK-chT2D 1516"]
[Site "Slovakia"]
[Date "2015.11.07"]
[Round "3.3"]
[White "Kosturko, Stefan"]
[Black "Pavlik, Milan"]
[Result "0-1"]
[WhiteElo "1819"]
[BlackElo "2010"]
[PlyCount "78"]
[EventDate "2015.10.17"]
[EventType "team-tourn"]
[EventRounds "11"]
[EventCountry "SVK"]
[SourceTitle "CBM 169 Extra"]
[Source "ChessBase"]
[SourceDate "2015.12.18"]
[SourceVersion "1"]
[SourceVersionDate "2015.12.18"]
[SourceQuality "1"]
[WhiteTeam "Stara Lubovna SO II"]
[BlackTeam "Sabinov II"]
[WhiteTeamCountry "SVK"]
[BlackTeamCountry "SVK"]

1. c4 c5 2. Nc3 Nc6 3. Nf3 Nf6 4. g3 b6 5. Bg2 Bb7 6. 0-0 e6 7. d4 Nxd4 8. Nxd4 Bxg2 9. Kxg2 cxd4 10. Qxd4 Qc7 11. Bg5 Be7 12. f3 Qc6 13. e4 d6 14. Rfd1 0-0 15. b3 Rfd8 16. Qf2 b5 17. Rac1 bxc4 18. bxc4 h6 19. Be3 a6 20. Ne2 Rdc8 21. Nd4 Qc7 22. Nb3 Nd7 23. Rd2 a5 24. Nd4 Rab8 25. Rdc2 Ne5 26. Qe2 a4 27. Nb5 Qa5 28. Kf2 Qa6 29. Na7 Rc7 30. Nb5 Rcb7 31. Na3 Qa5 32. c5 dxc5 33. Bxc5 Bxc5+ 34. Rxc5 Qd8 35. Rd1 Qe7 36. Rc3 Qb4 37. Rdc1 Qd4+ 38. Kg2 Rb2 39. R1c2 Qxc3 0-1

[Event "SVK-chT2D 1516"]
[Site "Slovakia"]
[Date "2015.10.17"]
[Round "1.5"]
[White "Pavlik, Milan"]
[Black "Gajdos, Jozef"]
[Result "1/2-1/2"]
[WhiteElo "2010"]
[BlackElo "2046"]
[PlyCount "108"]
[EventDate "2015.10.17"]
[EventType "team-tourn"]
[EventRounds "11"]
[EventCountry "SVK"]
[SourceTitle "CBM 169 Extra"]
[Source "ChessBase"]
[SourceDate "2015.12.18"]
[SourceVersion "1"]
[SourceVersionDate "2015.12.18"]
[SourceQuality "1"]
[WhiteTeam "Sabinov II"]
[BlackTeam "Kosice Dynamo"]
[WhiteTeamCountry "SVK"]
[BlackTeamCountry "SVK"]

1. e4 e6 2. d4 d5 3. Nd2 dxe4 4. Nxe4 Nd7 5. Nf3 Ngf6 6. Ng3 Bd6 7. Bd3 b6 8. 0-0 Bb7 9. Re1 0-0 10. b3 Bb4 11. Bd2 Bxf3 12. gxf3 Bxd2 13. Qxd2 c5 14. c3 Qc7 15. f4 g6 16. Rad1 Rad8 17. h4 Qd6 18. Bb1 cxd4 19. Qxd4 Qxd4 20. Rxd4 Nb8 21. Red1 Rxd4 22. Rxd4 Nd5 23. Ne2 Nc6 24. Rd1 Nf6 25. f5 gxf5 26. Bxf5 Ne5 27. Bc2 Nf3+ 28. Kf1 Nxh4 29. Rd6 Rc8 30. c4 Nf3 31. Nf4 b5 32. Bd1 Ne4 33. Rd7 Ne5 34. Rd4 Nc3 35. cxb5 Nxa2 36. Be2 Nc3 37. Bc4 Nxc4 38. Rxc4 Rxc4 39. bxc4 Kf8 40. Nd3 Ke8 41. Ne5 Ne4 42. Ke2 Nd6 43. Kd3 f6 44. Nc6 Nc8 45. c5 Kd7 46. Nd4 Ne7 47. f4 e5 48. fxe5 fxe5 49. Nf3 Ke6 50. Ke4 h6 51. Nxe5 Nd5 52. Kd4 Nc7 53. b6 axb6 54. cxb6 Na6 1/2-1/2

[Event "SVK-chT U20"]
[Site "Stara Lubovna"]
[Date "2015.05.02"]
[Round "2.3"]
[White "Popovic, Martin"]
[Black "Pavlik, Milan"]
[Result "0-1"]
[WhiteElo "1517"]
[BlackElo "2015"]
[PlyCount "68"]
[EventDate "2015.05.01"]
[EventType "team-tourn"]
[EventRounds "5"]
[EventCountry "SVK"]
[SourceTitle "EXT 2016"]
[Source "ChessBase"]
[SourceDate "2015.10.08"]
[SourceVersion "1"]
[SourceVersionDate "2015.10.08"]
[SourceQuality "1"]
[WhiteTeam "Kosice Slavia"]
[BlackTeam "Sabinov"]
[WhiteTeamCountry "SVK"]
[BlackTeamCountry "SVK"]

1. e4 c5 2. Nf3 d6 3. d4 cxd4 4. Nxd4 Nf6 5. Nc3 a6 6. Be3 e5 7. Nb3 Be7 8. Bd3 Ng4 9. Nd5 Nxe3 10. Nxe3 Be6 11. 0-0 Nd7 12. Bc4 Nf6 13. Nd2 0-0 14. Bb3 b5 15. Nf5 Bxf5 16. exf5 d5 17. Nf3 Qc7 18. Re1 Bd6 19. h3 Rad8 20. Qe2 Rfe8 21. Rad1 Bc5 22. Nd2 e4 23. Kh1 Qf4 24. Rf1 Qxf5 25. c3 Qf4 26. Bc2 Re5 27. Nb3 Bb6 28. Nd4 Rh5 29. Qe3 Qd6 30. Qg3 Qc5 31. Rd2 Bc7 32. Qe3 Ng4 33. Qe2 Qd6 34. g3 Rxh3+ 0-1

[Event "SVK-chT1E 1415"]
[Site "Slovakia"]
[Date "2015.03.14"]
[Round "10.5"]
[White "Pavlik, Milan"]
[Black "Csolto, Tibor"]
[Result "1/2-1/2"]
[WhiteElo "2028"]
[BlackElo "2154"]
[PlyCount "27"]
[EventDate "2014.10.18"]
[EventType "team-tourn"]
[EventRounds "11"]
[EventCountry "SVK"]
[SourceTitle "EXT 2016"]
[Source "ChessBase"]
[SourceDate "2015.10.08"]
[SourceVersion "1"]
[SourceVersionDate "2015.10.08"]
[SourceQuality "1"]
[WhiteTeam "Sabinov"]
[BlackTeam "Jelsava"]
[WhiteTeamCountry "SVK"]
[BlackTeamCountry "SVK"]

1. e4 c5 2. Nf3 Nc6 3. Bb5 g6 4. 0-0 Bg7 5. c3 Nf6 6. Re1 0-0 7. d4 d6 8. h3 Qb6 9. a4 Nd7 10. Be3 a6 11. Bxc6 Qxc6 12. Nbd2 b5 13. b4 Bb7 14. Qb3 1/2-1/2

[Event "SVK-chT1E 1415"]
[Site "Slovakia"]
[Date "2015.02.28"]
[Round "8.5"]
[White "Tropp, Oliver"]
[Black "Pavlik, Milan"]
[Result "1-0"]
[WhiteElo "2003"]
[BlackElo "2028"]
[PlyCount "77"]
[EventDate "2014.10.18"]
[EventType "team-tourn"]
[EventRounds "11"]
[EventCountry "SVK"]
[SourceTitle "EXT 2016"]
[Source "ChessBase"]
[SourceDate "2015.10.08"]
[SourceVersion "1"]
[SourceVersionDate "2015.10.08"]
[SourceQuality "1"]
[WhiteTeam "Liptov Chess School II"]
[BlackTeam "Sabinov"]
[WhiteTeamCountry "SVK"]
[BlackTeamCountry "SVK"]

1. c4 Nf6 2. Nc3 c6 3. e4 d5 4. cxd5 cxd5 5. e5 Nfd7 6. d4 e6 7. Nf3 Be7 8. h4 Nc6 9. Bd3 b6 10. a3 f6 11. Qe2 f5 12. g4 Nf8 13. gxf5 exf5 14. Bb5 Bb7 15. Ng5 Bxg5 16. Bxg5 Qd7 17. Qh5+ g6 18. Qf3 Ne6 19. 0-0-0 Nxg5 20. hxg5 0-0-0 21. Kb1 Kb8 22. Bxc6 Bxc6 23. Rc1 Bb5 24. Rh6 Ba6 25. Rch1 Qc6 26. Rxh7 Rxh7 27. Rxh7 Qc4 28. Qd1 f4 29. Rh1 Bc8 30. Qd2 Rf8 31. Rc1 Bf5+ 32. Ka1 Bd3 33. Nxd5 Qxd4 34. Ne7 Qe4 35. Qc3 Ba6 36. Qc7+ Ka8 37. Nc6 Bb7 38. Nd8 Qd5 39. Qc8+ 1-0

[Event "SVK-chT1E 1415"]
[Site "Slovakia"]
[Date "2014.10.18"]
[Round "1.4"]
[White "Haluska, Peter"]
[Black "Pavlik, Milan"]
[Result "1-0"]
[WhiteElo "1977"]
[BlackElo "2028"]
[PlyCount "79"]
[EventDate "2014.10.18"]
[EventType "team-tourn"]
[EventRounds "11"]
[EventCountry "SVK"]
[SourceTitle "EXT 2016"]
[Source "ChessBase"]
[SourceDate "2015.10.08"]
[SourceVersion "1"]
[SourceVersionDate "2015.10.08"]
[SourceQuality "1"]
[WhiteTeam "Dolny Kubin"]
[BlackTeam "Sabinov"]
[WhiteTeamCountry "SVK"]
[BlackTeamCountry "SVK"]

1. e4 c5 2. f4 Nc6 3. Nf3 g6 4. Bb5 Bg7 5. Bxc6 bxc6 6. c4 Qa5 7. 0-0 Ba6 8. d3 d5 9. Qc2 Rb8 10. e5 e6 11. b3 Ne7 12. Nc3 Nf5 13. Na4 Bf8 14. Qf2 dxc4 15. Bd2 c3 16. Bxc3 Qb5 17. Rac1 Rd8 18. Rfd1 h5 19. Bb2 Be7 20. Nxc5 0-0 21. d4 Rd5 22. Ne4 Qb6 23. h3 Rfd8 24. g4 hxg4 25. hxg4 Nh6 26. Qg2 c5 27. Kh2 Qb7 28. Nf6+ Bxf6 29. exf6 cxd4 30. Qh3 Nxg4+ 31. Qxg4 Be2 32. Rh1 Bxf3 33. Qxf3 Rh5+ 34. Kg3 Qb5 35. Rxh5 gxh5 36. Rh1 Rd5 37. a4 Qa5 38. Bxd4 Rxd4 39. Rxh5 Qe1+ 40. Kh3 1-0

[Event "SVK-chT U20 final"]
[Site "Jaslovske Bohunice"]
[Date "2014.05.04"]
[Round "4.3"]
[White "Pavlik, Milan"]
[Black "Sepesi, Samuel"]
[Result "1/2-1/2"]
[WhiteElo "1927"]
[BlackElo "2145"]
[PlyCount "61"]
[EventDate "2014.05.02"]
[EventType "team-tourn"]
[EventRounds "5"]
[EventCountry "SVK"]
[SourceTitle "EXT 2018"]
[Source "ChessBase"]
[SourceDate "2017.10.13"]
[SourceVersion "1"]
[SourceVersionDate "2017.10.13"]
[SourceQuality "1"]

1. d4 Nf6 2. Nf3 g6 3. Bf4 Bg7 4. e3 0-0 5. h3 d6 6. Be2 Nbd7 7. c3 c5 8. 0-0 b6 9. Nbd2 Bb7 10. Bh2 Rc8 11. Qb3 Rc7 12. a4 cxd4 13. cxd4 Bd5 14. Bc4 Qa8 15. Bxd5 Qxd5 16. Qxd5 Nxd5 17. Rfc1 Rfc8 18. Nb3 Bh6 19. Kf1 Rc2 20. Ne1 R2c4 21. Ke2 N7f6 22. Rxc4 Rxc4 23. Kd3 Rb4 24. Ra3 b5 25. Nc2 Rxa4 26. Rxa4 bxa4 27. Na5 Kf8 28. Nc6 a6 29. Nb8 Nc7 30. Nb4 a5 31. Nc2 1/2-1/2